000 00607nam a2200205 a 4500
001 19674
003 CO-ViMGA
008 141112s2004 ck r 000 u spa d
020 _a8440697090
040 _aCO-ViMGA
_bspa
_cCO-ViMGA
082 0 4 _a833.19 M155j
100 1 _aMann, Thomas, 1875 - 1955
_928472
245 1 0 _aJose y sus hermanos I :
_blas historias de Jaacob
260 _aBarcelona :
_bEdiciones B.S.A.,
_c2000
300 _a426 p.
590 _aForma de adquisición : Premio Mincultura
650 1 4 _aBIBLIA - BIOGRAFIAS - NOVELA
_928473
650 1 4 _aNOVELA ALEMANA
_92669
942 _2ddc
_cBK
999 _c28809
_d28809